Rada vysokých škôl bilancovala a volila zo správy o činnosti Rady vysokých škôl Slovenskej republiky v 5. funkčnom období v rokoch 2000 až 2003

Bibliographic Details
Format: Article
Language:Slovak
ISSN:1335-5864
Subjects:

MARC

LEADER 00000nab a2200000 a 4500
001 vtls000845051
003 SK-MaSNL
005 20260302164646.0
008 220810c2003 xo 0 slo
015 |a SNBRB2003/09-24712 
035 |a CLN000196706 
040 |a SNKBUCL  |b slo  |c SNKBUCL  |e AACR2 
041 0 |a slo 
044 |a xo  |c SK 
080 |a 378:061.2(437.6)  |2 1997 
245 0 0 |a Rada vysokých škôl bilancovala a volila  |b zo správy o činnosti Rady vysokých škôl Slovenskej republiky v 5. funkčnom období v rokoch 2000 až 2003 
650 0 7 |a Rada vysokých škôl Slovenskej republiky  |y 2000-2003  |x správa o činnosti  |2 snkbucl  |9 867957 
655 7 |a články z novín a časopisov  |2 snkbucl  |9 267496 
773 0 |t Academia  |g Roč. 14, č. 3 (2003), s. 35-39  |x 1335-5864 
850 |a Slovenská národná knižnica v Martine 
852 |a SNK  |b KIS3GCP 
954 |a odborná, vedecká literatúra pôvodná (slovenská)  |2 lita 
958 |a OND 
958 |a NB 
958 |a article 
992 |a RBX 
999 |c 1387413  |d 1389343